header

These happy golden years (Record no. 264794)

MARC details
000 -LEADER
fixed length control field 00264nam a22001097a 4500
020 ## - INTERNATIONAL STANDARD BOOK NUMBER
ISBN 064400085
100 ## - MAIN ENTRY--AUTHOR NAME
Personal name Laura Ingalls Wilder
245 ## - TITLE STATEMENT
Title These happy golden years
250 ## - EDITION STATEMENT
Edition statement First edition
260 ## - PUBLICATION, DISTRIBUTION, ETC. (IMPRINT)
Place of publication New York
Name of publisher Harper & Brothers
Year of publication [1943
942 ## - ADDED ENTRY ELEMENTS (KOHA)
Koha item type Long Loan Books
Holdings
Withdrawn status Lost status Collection code Home library Current library Shelving location Date acquired Accession Number Koha item type
    Fiction Rongo University Library Rongo University Library Children's Area 18/03/2025 CL20243816 Long Loan Books

© 2026 Rongo University
Contact us: librarian | system librarian | Rongo university